| 000 | 00973nam a2200253Ia 4500 | ||
|---|---|---|---|
| 005 | 20211110134156.0 | ||
| 008 | 130821s2001 enka gr eng | ||
| 020 | _z0521801664 | ||
| 040 |
_aCo-BoUCM _bspa _c[Nuevo] _d[Nuevo] |
||
| 041 | 0 | 0 | _aeng |
| 100 | 1 |
_aFranses, Philip Hans _d1963- _972276 |
|
| 245 | 1 | 0 |
_aQuantitative models in marketing research _cPhilip Hans Franses and Richard Paap |
| 260 |
_aCambridge (Inglaterra) _bCambridge University Press _c2001 |
||
| 300 |
_axiii, 206 páginas _bilustraciones |
||
| 650 | 0 | 7 |
_aAdministración de empresas _9435 |
| 650 | 0 | 7 |
_aMercadeo _919305 |
| 650 | 0 | 7 |
_aMercadeo _vModelos matemáticos _919305 |
| 650 | 0 | 7 |
_aMercadeo _xInvestigaciones _938377 |
| 690 | 0 |
_aAdministración de empresas _9435 |
|
| 700 | 1 |
_aPaap, Richard. _975818 |
|
| 856 | 4 | 1 |
_3Tabla de contenido _uhttp://www.loc.gov/catdir/toc/cam021/2001025424.html |
| 942 |
_a16 _e1 _mF385q _cLIBRO _2DEWEY _h658.83015118 |
||
| 999 |
_c42641 _d42641 |
||